Paragon Mortgages buy-to-let index (Record no. 106355)

MARC details
000 -LEADER
fixed length control field 02119cam a2200229 4500
001 - CONTROL NUMBER
control field L136286
008 - FIXED-LENGTH DATA ELEMENTS--GENERAL INFORMATION
fixed length control field 070123n2006 000 0 eng u
035 ## - SYSTEM CONTROL NUMBER
System control number (Sirsi) u136286
041 0# - LANGUAGE CODE
Language code of text/sound track or separate title eng
050 04 - LIBRARY OF CONGRESS CALL NUMBER
Classification number 332.6324 $2 18
110 2# - MAIN ENTRY--CORPORATE NAME
Corporate name or jurisdiction name as entry element Paragon Mortgages
9 (RLIN) 4976
245 00 - TITLE STATEMENT
Title Paragon Mortgages buy-to-let index
Remainder of title November 2006
Medium [electronic resource]
260 ## - PUBLICATION, DISTRIBUTION, ETC.
Place of publication, distribution, etc. Solihull
Name of publisher, distributor, etc. Paragon Mortgages
Date of publication, distribution, etc. 2006
490 00 - SERIES STATEMENT
Series statement Paragon Mortgages Buy-to-Let Index
Volume/sequential designation November 2006
505 1# - FORMATTED CONTENTS NOTE
Formatted contents note Highlights -- Averages -- Rental yield average for England and Wales -- Property value and rental income average for England and Wales -- Landlord property value, rental value, yield and percentage change by region -- Landlord property yields by region -- Landlord property values by region -- Landlord rental incomes by region -- Landlord property value, rental value, yield and percentage change by property type
520 ## - SUMMARY, ETC.
Summary, etc. Total returns across the UK have risen significantly this month, up 2.8% from 10.5% in September to 13.3% - the highest in four months. For the second consecutive month, the North heads the table in terms of overall returns over a 12 month period at 26.1%. It is followed by the South East (24.2%) and Greater London (16.9%). Rental yields remained consistent in October at 6.0%. Regions with the highest yields were Wales (6.6%), the South West (6.5%), and the North West (6.4%). Average rental incomes have risen from £10 025 in September to £10 039 this month, up 0.1%. Average property values rose by £1 143 from £166 417 in September to £167 560 in October, a rise of 0.7% over the month. They are 6.8% higher than a year ago. Regionally, the top performers by rising property values are the North (19.6%), the South East (18.0%) and Greater London (11.0%). Graphs and tables.
650 24 - SUBJECT ADDED ENTRY--TOPICAL TERM
Topical term or geographic name entry element PARAGON MORTGAGES BUY-TO-LET INDEX
651 #4 - SUBJECT ADDED ENTRY--GEOGRAPHIC NAME
Geographic name England and Wales
Chronological subdivision 1543-
690 ## - LOCAL SUBJECT ADDED ENTRY--TOPICAL TERM (OCLC, RLIN)
Topical term or geographic name as entry element PROPERTY-RESIDENTIAL PROPERTY-RESIDENTIAL PROPERTY MARKET
856 ## - ELECTRONIC LOCATION AND ACCESS
Uniform Resource Identifier <a href="https://www.paragon-mortgages.co.uk/mortgagehome.nsf/BTLIndex">https://www.paragon-mortgages.co.uk/mortgagehome.nsf/BTLIndex</a>
Public note View the index free of charge at www.paragon-mortgages.co.uk...
942 ## - ADDED ENTRY ELEMENTS (KOHA)
Suppress in OPAC 0
Holdings
Withdrawn status Lost status Source of classification or shelving scheme Damaged status Not for loan Home library Current library Shelving location Date acquired Total Checkouts Full call number Barcode Date last seen Copy number Price effective from Koha item type
    Dewey Decimal Classification     Virtual Virtual Online 23/01/2007   ONLINE PUBLICATION 136286-1001 06/08/2019 1 06/08/2019 Book